00521nam a22001817a 450000500170000000800410001702000180005804000210007604100080009708200200010510000300012524500690015525000120022426000370023630000100027365000310028370000250031420250515051143.0250515b |||||||| |||| 00| 0 eng d a9789391883911 aIN-DiNCcIN-DiNC dasm a330.954162bSAI aSaikia, Mainumonieauthor aAsamar arthaniti (Major 6)/cby Mainumoni Saikia and Reema Rabha a1st ed. aJorhat:bUnika prakashan,c2025. a328p. aEconomy of Assam (Major 6) aRabha, Reemaeauthor